<?xml version="1.0" encoding="UTF-8"?>
<marc:record xmlns:marc="http://www.loc.gov/MARC21/slim">
   <marc:leader>00000nam a2200000 a 4500</marc:leader>
   <marc:datafield ind1="1" ind2=" " tag="100">
      <marc:subfield code="a">Harrison, Paula</marc:subfield>
      <marc:subfield code="4">aut</marc:subfield>
      <marc:subfield code="e">Verfasser/-in</marc:subfield>
   </marc:datafield>
   <marc:datafield ind1=" " ind2=" " tag="653">
      <marc:subfield code="a">Katze</marc:subfield>
   </marc:datafield>
   <marc:datafield ind1=" " ind2=" " tag="653">
      <marc:subfield code="a">Englisch (Fremdsprachige Literatur für Kinder und Jugendliche)</marc:subfield>
   </marc:datafield>
   <marc:datafield ind1="0" ind2="0" tag="245">
      <marc:subfield code="a">Kitty and the Woodland Wildcat</marc:subfield>
   </marc:datafield>
   <marc:datafield ind1="0" ind2="0" tag="245">
      <marc:subfield code="b">(ab 6)</marc:subfield>
   </marc:datafield>
   <marc:datafield ind1=" " ind2="1" tag="264">
      <marc:subfield code="b">Oxford University Press</marc:subfield>
   </marc:datafield>
   <marc:datafield ind1="1" ind2=" " tag="490">
      <marc:subfield code="a">Kitty</marc:subfield>
   </marc:datafield>
   <marc:datafield ind1="1" ind2=" " tag="520">
      <marc:subfield code="a">Kitty is a superhero-in-training with cat-like superpowers. She dreams of being just like her superhero mum one day, but she's still got a lot to learn. Join her for a series of enchanting adventures by the light of the moon with her faithful cat crew by her side. Kitty is on a camping holiday with her friend Ozzy. Just like Kitty, Ozzy is a superhero-in-training with owl-like superpowers. During their stay in Whitefern Wood, they meet a wary wildcat, desperately looking for her lost kittens. The trouble is, she doesn't trust humans at all. Kitty must earn her trust and then prove her worth as a superhero in training, by finding the kittens and saving the day. Kitty and the Woodland Wildcat is the ninth book in the Kitty series, featuring a charming main character, cat-packed exploits, and striking two-colour art on every page.</marc:subfield>
   </marc:datafield>
   <marc:datafield ind1=" " ind2=" " tag="020">
      <marc:subfield code="a">9780192777867</marc:subfield>
      <marc:subfield code="9">9780192777867</marc:subfield>
   </marc:datafield>
</marc:record>
